Traité théorique et pratique des piles électriques (Record no. 153054)

MARC details
000 -LEADER
campo de control de longitud fija 00795nam a22001935i 4500
001 - NÚMERO DE CONTROL
campo de control 153054
003 - IDENTIFICADOR DE NÚMERO DE CONTROL
campo de control ES-MaACL
005 - FECHA Y HORA DE LA ÚLTIMA TRANSACCIÓN
campo de control 20230906205013.0
008 - DATOS DE LONGITUD FIJA--INFORMACIÓN GENERAL
campo de control de longitud fija 000209s1881 fr a f |||| | fre d
040 ## - FUENTE DE CATALOGACIÓN
Centro catalogador/agencia de origen M-RACE
Lengua de catalogación spa
Centro/agencia transcriptor M-RACE
Centro/agencia modificador CCPB | B
080 ## - NÚMERO DE LA CLASIFICACIÓN DECIMAL UNIVERSAL
Número de la Clasificación Decimal Universal 621.352
100 0# - ENTRADA PRINCIPAL--NOMBRE DE PERSONA
Nombre de persona Cazin, Achille.
9 (RLIN) 37245
245 10 - MENCIÓN DEL TÍTULO
Título Traité théorique et pratique des piles électriques
Resto del título : mesure des constantes des piles, unités électriques, description et usage des differentes espèces de piles /
Mención de responsabilidad, etc. par A. Cazin ; annote et publie par Alfred Angot.
260 ## - PUBLICACIÓN, DISTRIBUCIÓN, ETC.
Lugar de publicación, distribución, etc. Paris :
Nombre del editor, distribuidor, etc. Gauthier-Villars, imprimeur-libraire,
Fecha de publicación, distribución, etc. 1881.
300 ## - DESCRIPCIÓN FÍSICA
Extensión VI, 311 p. :
Otras características físicas il. ;
Dimensiones 22 cm.
650 04 - PUNTO DE ACCESO ADICIONAL DE MATERIA--TÉRMINO DE MATERIA
Término de materia o nombre geográfico como elemento de entrada Pilas eléctricas.
9 (RLIN) 15999
700 0# - ENTRADA AGREGADA--NOMBRE PERSONAL
Nombre de persona Angot, Alfred.
9 (RLIN) 21754
852 ## - LOCALIZACIÓN
Ubicación ES-MaACL
Número de control de estantería B-12490(1)
Nota libre -- Enc. hol. con otras obras
Holdings
Estatus retirado Estado de pérdida Estado de daño No para préstamo Colección Biblioteca de origen Biblioteca actual Ubicación en estantería Fecha de adquisición Fuente de adquisición Total de préstamos Signatura topográfica completa Código de barras Visto por última vez Precio de reemplazo Tipo de ítem Koha
        Libros del s. XIX Biblioteca del Ateneo de Madrid Biblioteca del Ateneo de Madrid Sala Pardo Bazán 17/01/2008     B-12490(1) 1159895 23/02/2023 23/02/2023 Libro impreso antiguo